Heisenberg calculus and spectral theory of hypoelliptic operators on Heisenberg manifolds /
Guardado en:
| Autor Principal: | |
|---|---|
| Formato: | Libro |
| Idioma: | English |
| Publicado: |
Providence, R.I. :
American Mathematical Society,
c2008.
|
| Series: | Memoirs of the American Mathematical Society,
no. 906 |
| Materias: | |
| Etiquetas: |
Agregar Etiqueta
Sin Etiquetas, Sea el primero en etiquetar este registro!
|
| LEADER | 01045cam a2200277 a 4500 | ||
|---|---|---|---|
| 001 | MAT.inmabb005025 | ||
| 008 | 080222s2008####riu######b####000#0#eng## | ||
| 005 | 20171010163645.0 | ||
| 245 | 1 | 0 | |a Heisenberg calculus and spectral theory of hypoelliptic operators on Heisenberg manifolds / |c Raphaël S. Ponge. |
| 260 | |a Providence, R.I. : |b American Mathematical Society, |c c2008. | ||
| 300 | |a vi, 134 p. ; |c 26 cm. | ||
| 440 | 0 | |a Memoirs of the American Mathematical Society, |x 0065-9266 ; |v no. 906 | |
| 504 | |a Incluye referencias bibliográficas (p. 131-134). | ||
| 510 | 4 | |a MR, |c 2009c:58040 | |
| 020 | |a 9780821841488 (alk. paper) | ||
| 020 | |a 0821841483 (alk. paper) | ||
| 100 | 1 | |a Ponge, Raphael, |d 1972- | |
| 650 | 0 | |a Hypoelliptic operators. | |
| 650 | 0 | |a Spectral theory (Mathematics) | |
| 650 | 0 | |a Calculus. | |
| 650 | 0 | |a Differentiable manifolds. | |
| 084 | |a 58J40 (35H10) |2 msc2000 | ||
| 010 | |a 2008008508 | ||
| 016 | 7 | |a 014621399 |2 Uk | |
| 040 | |a DLC |c DLC |d YDX |d YDXCP |d BAKER |d BTCTA |d UKM |d ORE |d DLC | ||
| 859 | |k H |p MAMS-906 |b BIB. MATEMATICA | ||
